LIBRARY & INFORMATION CENTRE, KCAET, TAVANUR

ONLINE PUBLIC ACCESS CATALOGUE (OPAC)

Little readers for beginners step one / (Record no. 12533)

MARC details
000 -LEADER
fixed length control field 00387cam a2200145ua 4500
041 ## - LANGUAGE CODE
Language code of text/sound track or separate title eng
082 ## - DEWEY DECIMAL CLASSIFICATION NUMBER
Classification number 823.301
Item number KIT/LI
100 ## - MAIN ENTRY--AUTHOR NAME
Personal name Kitte, Bengchong`s .
245 ## - TITLE STATEMENT
Title Little readers for beginners step one /
260 ## - PUBLICATION, DISTRIBUTION, ETC. (IMPRINT)
Place of publication London :
Name of publisher Longman Green and Co ,
Year of publication 1956.
300 ## - PHYSICAL DESCRIPTION
Number of Pages 17 ; .
942 ## - ADDED ENTRY ELEMENTS (KOHA)
Koha item type Books
Holdings
Withdrawn status Lost status Damaged status Home library Current library Date acquired Full call number Accession Number Koha item type
Withdrawn     KAUAET KAUAET 07/04/2012 823.301 12310 Books
free website counter